Εγχειρίδιον Αρχαιολογίας του Δημοσίου Βίου των Ελλήνων

Αποθηκεύτηκε σε:
Λεπτομέρειες βιβλιογραφικής εγγραφής
Κύριος συγγραφέας: Gilbert, Gustav, 1843-1899
Άλλοι συγγραφείς: Πολίτης, Νικόλαος Γ., 1852-1921 (Μεταφραστής)
Μορφή: Βιβλίο
Γλώσσα:Greek
Δημοσίευση: Εν Αθήναις : Τύποις Π. Δ. Σακελλαρίου, 1897.
Σειρά:Βιβλιοθήκη Μαρασλή
Θέματα:
Ετικέτες: Προσθήκη ετικέτας
Δεν υπάρχουν, Καταχωρήστε ετικέτα πρώτοι!

MARC

LEADER 00000cam a2200000 i 4500
001 1/36661
008 131002s1897####gr | ||| |||| ||gre||
035 |l 10115687 
040 |a GR-MyUA  |b gre  |e AACR2 
041 1 |a gre 
082 0 |a 938  |2 (22) 
100 1 |a Gilbert, Gustav,   |d 1843-1899. 
245 1 0 |a Εγχειρίδιον Αρχαιολογίας του Δημοσίου Βίου των Ελλήνων /   |c Γουστάβου Γίλβερτ ; εξελληνισθέν υπό Ν. Γ. Πολίτου.  
260 |a Εν Αθήναις :   |b Τύποις Π. Δ. Σακελλαρίου,   |c 1897.  
300 |a 602 σ. ;   |c 25 εκ. 
490 1 |a (Βιβλιοθήκη Μαρασλή)  
651 0 |a Greece  |x Politics and government. 
700 1 |a Πολίτης, Νικόλαος Γ.,   |d 1852-1921,  |e trl 
830 0 |a Βιβλιοθήκη Μαρασλή 
852 |a INST  |b SAMOS  |c PORFYRIADA  |e 20131002  |h 938 GIL  |p 005300040590  |q 005300040590  |t NOLOAN  |y 23  |z τ.1 
852 |a INST  |b SAMOS  |c PORFYRIADA  |e 20131002  |h 938 GIL  |p 005300040590  |q 005300040590  |t NOLOAN  |v τ.1:  |y 23  |z τ.1 
853 |a INST  |b SAMOS  |c PORFYRIADA  |h 938 GIL 
901 |a BIBL3-2013-3 
909 |a Σ  |b 178783 
970 |a ΚΟΣΙΕΡΗΣ  |b ΧΡΗΣΤΟΣ  |z 2013/10/02